Central Library OPAC University of Rajshahi

The Arden edition of the works of Willlam Shakespeare : (Record no. 55220)

MARC details
000 -LEADER
fixed length control field 00700nam a2200229 a 4500
001 - CONTROL NUMBER
control field 55220
003 - CONTROL NUMBER IDENTIFIER
rucl marc code BD-RjUL
005 - DATE AND TIME OF LATEST TRANSACTION
control field 20221003130830.0
008 - FIXED-LENGTH DATA ELEMENTS--GENERAL INFORMATION
fixed length control field 161115s1951 enk||||| |||| 00| 0 eng d
035 ## - SYSTEM CONTROL NUMBER
System control number (BD-RjUL)55342
040 ## - CATALOGING SOURCE
Original cataloging agency BD-RjUL
Language of cataloging eng
Transcribing agency BD-RjUL
041 ## - LANGUAGE CODE
Language code of text/sound track or separate title eng
082 ## - DEWEY DECIMAL CLASSIFICATION NUMBER
Edition number 23
Classification number 822.33
Author mark and year SHA 1951
100 ## - MAIN ENTRY--PERSONAL NAME
Personal name Shakespeare, William
9 (RLIN) 164521
245 ## - TITLE STATEMENT
Title The Arden edition of the works of Willlam Shakespeare :
Remainder of title Love's labour's lost /
Statement of responsibility, etc. William Shakespeare; Richard David
250 ## - EDITION STATEMENT
Edition statement 4th ed.
260 ## - PUBLICATION, DISTRIBUTION, ETC. (IMPRINT)
Place of publication, distribution, etc. London :
Name of publisher, distributor, etc. Methuen and co,
Date of publication, distribution, etc. 1951.
300 ## - PHYSICAL DESCRIPTION
Pagination lii, 196 p. ;
Size 22 cm.
600 ## - SUBJECT ADDED ENTRY--PERSONAL NAME
Personal name Shakespeare, William
Dates associated with a name 1564-1616
700 ## - ADDED ENTRY--PERSONAL NAME
Personal name David, Richard
942 ## - ADDED ENTRY ELEMENTS (KOHA)
Source of classification or shelving scheme Dewey Decimal Classification
Koha item type Books
Holdings
Lost status Source of classification or shelving scheme Damaged status Not for loan Collection code Permanent Location Current Location Shelving location Date acquired Source of acquisition Cost, normal purchase price Total Checkouts Full call number Date last seen Copy number Koha item type
  Dewey Decimal Classification     Non-fiction Central Library, University of Rajshahi Central Library, University of Rajshahi   11/04/1957 Grenich Agency, 12.30   822.33 SHA 1951 15/11/2016 C-2 Books
  Dewey Decimal Classification   Not For Loan Non-fiction Central Library, University of Rajshahi Central Library, University of Rajshahi Reading Room 09/09/1955 B. H. Blackwell 15.00   822.33 SHA 1951 03/10/2022 C-1 Books